000 00976nam a22001935i 4500
001 162583
003 ES-MaACL
005 20230906212547.0
008 011102s1881 phl |||| | spa d
040 _aCCPB | B
_bspa
_cCCPB | B
100 1 _aPrimo de Rivera y Sobremonte, Fernando,
_cMarqués de Estella,
_d1831-1921
_993972
245 1 0 _aDocumentos referentes á la reduccion de infieles é inmigracion en las provincias de Cagayan y la Isabela /
_cdictados como primeras disposiciones adoptadas por Fernando Primo de Rivera ... con motivo de su visita a las del Norte de Luzon.
260 _aManila :
_b[s.n.],
_c1881 (
_festablecimiento tipográfico del Colegio de Santo Tomás)
300 _a87 p. ;
_c21 cm.
500 _aEn port.: "Coleccionados por la Provincia del Santísimo Rosario de Filipinas de la Órden de Predicadores"
651 4 _aFilipinas-
_xPolítica y gobierno.
_9137154
852 _aES-MaACL
_jG-3641
_z-- Enc. hol.
999 _c162583
_d162583